00370nam a2200133Ia 4500008004100000020001500041041001200056082001600068100001800084245007500102260003900177300000800216650001200224221030s9999 xx 000 0 und d a007060228X aEnglish a105.23bSpi aM. R. Spiegel 0aVector Analysis & An Introduction To Tensor Analysiscby M. R. Spiegel bMc Graw-Hill Pub.aNew Delhic2000 a225 aPhysics